Statistics for 1993 NFL Standings

Click here to take the quiz!

General Stats

  • This quiz has been taken 15 times
  • The average score is 9 of 28

Answer Stats

Rank (seed)RecordNFL Team% Correct
AFC East Champ (1)12-4Buffalo Bills
100%
AFC (14) Missed Playoffs3-13Cincinnati Bengals
60%
NFC East Champ (1)12-4Dallas Cowboys
60%
AFC Central Champ (2)12-4Houston Oilers
60%
AFC West Champ (3)11-5Kansas City Chiefs
60%
AFC (10) Missed Playoffs7-9Cleveland Browns
40%
AFC Wild Card (5)9-7Denver Broncos
40%
NFC Central Champ (3)10-6Detroit Lions
40%
AFC (13) Missed Playoffs4-12Indianapolis Colts
40%
AFC Wild Card (4)10-6Los Angeles Raiders
40%
AFC (12) Missed Playoffs5-11New England Patriots
40%
NFC Wild Card (4)11-5New York Giants
40%
AFC (9) Missed Playoffs8-8New York Jets
40%
AFC Wild Card (6)9-7Pittsburgh Steelers
40%
AFC (8) Missed Playoffs8-8San Diego Chargers
40%
NFC West Champ (2)10-6San Francisco 49ers
40%
AFC (11) Missed Playoffs6-10Seattle Seahawks
40%
NFC Wild Card (6)9-7Green Bay Packers
20%
AFC (7) Missed Playoffs9-7Miami Dolphins
20%
NFC Wild Card (5)9-7Minnesota Vikings
20%
NFC (8) Missed Playoffs8-8New Orleans Saints
20%
NFC (7) Missed Playoffs8-8Philadelphia Eagles
20%
NFC (14) Missed Playoffs4-12Washington Redskins
20%
NFC (11) Missed Playoffs6-10Atlanta Falcons
0%
NFC (10) Missed Playoffs7-9Chicago Bears
0%
NFC (13) Missed Playoffs5-11Los Angeles Rams
0%
NFC (9) Missed Playoffs7-9Phoenix Cardinals
0%
NFC (12) Missed Playoffs5-11Tampa Bay Buccaneers
0%

Score Distribution

Percentile by Number Answered

Percent of People with Each Score

Your Score History

You have not taken this quiz